000 00283nam a2200121Ia 4500
005 20251222144631.0
008 251222s9999||||xx |||||||||||||| ||spa||
082 _a303.33/M26
100 _aMarcuse, Herbert
245 0 _aLa Sociedad Opresora
264 _bTiempo Nuevo
942 _cLIB
999 _c16292
_d16292